| 000 | 00652nam a22001815i 4500 | ||
|---|---|---|---|
| 001 | 161721 | ||
| 003 | ES-MaACL | ||
| 005 | 20230906212339.0 | ||
| 008 | 041025s1871 sp |||| | spa d | ||
| 040 |
_aCAM _bspa _cCAM |
||
| 100 | 1 |
_aPerecaula, Antonio. _9130992 |
|
| 245 | 1 | 0 |
_aDiccionario de derecho mercantil español / _cpor Antonio Perecaula. |
| 260 |
_aBarcelona : _b[s.n.], _c1871 ( _fImprenta del Diario de Barcelona) |
||
| 300 |
_a676 p. ; _c22 cm. |
||
| 650 | 4 |
_aDerecho mercantil- _vDiccionarios. _9135892 |
|
| 752 |
_aEspaña - _dBarcelona |
||
| 852 |
_aES-MaACL _jC-2627 _z-- Enc. hol. _z-- Dedicatoria ms. del autor a Laureano Figuerola |
||
| 999 |
_c161721 _d161721 |
||